LEADER 01135nam a2200265 4500 001 000000331147 003 CaOOAMICUS 005 20181112140619.0 008 181112s2007 it 000 u ita r 020 $a88-7094-624-X 040 $aSeMil$bita 100 1 $aSchönborn, Christoph,$c.$0(OLS)http://semarc/name/18215 245 10$aSfide per la Chiesa /$cCard. Christoph Schönborn ; traduzione di Maria Concetta Ascher Corsetti. 264 1$aBologna :$bESD,$c2007. 300 $a264 p. ;$c19 cm 490 0 $aLe frecce ;$v6 650 4$aChiesa - Sec. 21. - Prospettive.$0(OLS)http://semarc/subject/3852 700 1 $aAscher Corsetti, Maria Concetta,$etraduttore.$0(OLS)http://semarc/name/108471 830 3$aLe frecce ;$v6.$0(OLS)http://semarc/title/28344 850 $aSeMil 852 $aSeMil$W1$xVenegono$y1$m2F I 485$j222771$B224272$CSeMilBibl$Z2$F224272 $81 996 $6020$a88-7094-624-X$9(OLS)http://semarc/number/285570 996 $6245$aSfide per la Chiesa$9(OLS)http://semarc/title/419817 996 $6264$aBologna :$bESD$9(OLS)http://semarc/publisher/30112 LEADER 01131nas a2200265 i 4500 001 000000220285 003 CaOOAMICUS 005 20131118000000.0 008 130508b2013 xxkuu u0 0eng r 013 $a199182 040 $aSeMil$bita 245 10$a[2013 /$cEdited by Graham Gould and Katherine Southwood]. 260 $aOxford :$bOxford University Press,$ccopyr. 2013. 300 $a[9], 900, xv p. ;$c22 cm. 500 $aArticoli con sintesi in inglese [Abstract] in testa. - Formulazioni di responsabilitā dalla copertina. 700 1 $aSouthwood, Katherine.$0(OLS)http://semarc/name/77222 700 1 $aGould, Graham.$0(OLS)http://semarc/name/56504 773 0 $tJournal of Theological Studies.$dLondon : Humphhrey Milford [etc.]$x0022-5185$w()2395 774 0 $tApril.$w()279090 774 0 $tOctober.$w()280070 850 $aSeMil 852 $aSeMil$W1$xVenegono$y1$m149 3 14$j170641$B170641$CSeMilBibl$Z2$F185310 $85 961 $aAbbonamento: Oxford University Press 996 $6245$a[2013$9(OLS)http://semarc/title/315949 996 $6260$aOxford :$bOxford University Press$9(OLS)http://semarc/publisher/35475